<?xml version="1.0" encoding="UTF-8"?><?xml-stylesheet type="text/xsl" href="static/style.xsl"?><OAI-PMH xmlns="http://www.openarchives.org/OAI/2.0/" xmlns:xsi="http://www.w3.org/2001/XMLSchema-instance" xsi:schemaLocation="http://www.openarchives.org/OAI/2.0/ http://www.openarchives.org/OAI/2.0/OAI-PMH.xsd"><responseDate>2026-04-27T12:22:06Z</responseDate><request verb="GetRecord" identifier="oai:uvadoc.uva.es:10324/32024" metadataPrefix="marc">https://uvadoc.uva.es/oai/request</request><GetRecord><record><header><identifier>oai:uvadoc.uva.es:10324/32024</identifier><datestamp>2026-04-13T11:19:40Z</datestamp><setSpec>com_10324_30605</setSpec><setSpec>com_10324_894</setSpec><setSpec>col_10324_41</setSpec></header><metadata><record xmlns="http://www.loc.gov/MARC21/slim" xmlns:doc="http://www.lyncode.com/xoai" xmlns:xsi="http://www.w3.org/2001/XMLSchema-instance" xmlns:dcterms="http://purl.org/dc/terms/" xsi:schemaLocation="http://www.loc.gov/MARC21/slim http://www.loc.gov/standards/marcxml/schema/MARC21slim.xsd">
<leader>00925njm 22002777a 4500</leader>
<datafield tag="042" ind1=" " ind2=" ">
<subfield code="a">dc</subfield>
</datafield>
<datafield tag="720" ind1=" " ind2=" ">
<subfield code="a">Rodríguez Pastor, Ruth</subfield>
<subfield code="e">author</subfield>
</datafield>
<datafield tag="260" ind1=" " ind2=" ">
<subfield code="c">2018</subfield>
</datafield>
<datafield tag="520" ind1=" " ind2=" ">
<subfield code="a">Las poblaciones naturales inestables del topillo campesino (Microtus arvalis) en Castilla y León han sido estudiadas con la intención de entender su impacto en los hábitats agrarios cuando se producen grandes explosiones demográficas. En particular: (i) cómo ocurre la dinámica de "contracción-expansión" del uso del hábitat por el topillo campesino en el medio agrícola para analizar sus patrones de uso del espacio, (ii) el papel que tienen estas poblaciones en los procesos de amplificación y propagación de enfermedades zoonóticas de riesgo para los seres humanos, y (iii) la dinámica y la naturaleza de las interacciones ecológicas entre hospedadores irruptivos (topillo campesino) y sus vectores parásitos (pulgas), así como su papel en los ciclos de transmisión de microparásitos zoonóticos. La combinación de enfoques epidemiológico y ecológico tiene la intención de aportar nuevos conocimientos en el control del topillo campesino, en la gestión de las explosiones demográficas y en la prevención de enfermedades</subfield>
</datafield>
<datafield tag="024" ind2=" " ind1="8">
<subfield code="a">http://uvadoc.uva.es/handle/10324/32024</subfield>
</datafield>
<datafield tag="024" ind2=" " ind1="8">
<subfield code="a">b1796672</subfield>
</datafield>
<datafield tag="024" ind2=" " ind1="8">
<subfield code="a">10.35376/10324/32024</subfield>
</datafield>
<datafield ind1=" " ind2=" " tag="653">
<subfield code="a">Zoonosis</subfield>
</datafield>
<datafield tag="245" ind1="0" ind2="0">
<subfield code="a">Ecology of rodent outbreaks and zoonotic diseases: common voles in the farmland of northwest spain</subfield>
</datafield>
</record></metadata></record></GetRecord></OAI-PMH>